000
00368nam a22001577a 4500
003
MPLRDC
005
20220104114652.0
008
210129b ||||| |||| 00| 0 eng d
082
_a
294 LBY c.2
100
_a
不详
245
_a
风水大师赖布衣
_c
260
_a
_b
钟文出版社
_c
1992
300
_b
平
650
_a
堪舆--风水
942
_c
BK
_o
294 LBY c.2
999
_c
9292
_d
9282